000 00678nam a22002057a 4500
005 20151120110932.0
010 _aENG-114156
020 _c295.00
_a9789350352878
035 _aEN-97688
037 _bDBAD/PUB
082 _a340.59
100 _aTahir Mahmood
245 _aIntroduction to Muslim law /
_cby Tahir Mahmood [and] Saif Mahmood
260 _aNew Delhi
_bUniversal Law Publishing
_c2013
270 _aC-FF-1A, Dilkhush Industrial Estate, G.T. Karnal Road,
_bNew Delhi
_e110033
300 _axxviii,302p.
_c25cm(pbk)
500 _aIncludes bibliographical references and index
700 _aSaif Mahmood
942 _2ddc
_cEN
_mTAH
_h340.59
999 _c97446
_d97446